000 01230nam a2200325Ia 4500
001 dia_1046
003 CHAP
005 20230119115009.0
008 220117s[19- xx 000 0 und d
010 _a171594
040 _cCHAP
082 _aC 330 E34 [19--?]
100 _aEdelman, J. A.
_9149877
245 _aGlosario de términos económicos y contables : sección especial en análisis beneficio-costo /
_c J. A. Edelman ; traducción Cristovam Buarque
260 _aEstados Unidos de América :
_b Banco Interamericano de Desarrollo,
_c[19-
300 _a30 h.
440 _aPreparación y evaluación de proyectos
_9147491
500 _aEn portada: Material didáctico \ Material fotocopiado
503 _aD.
590 _aC HG151 E34 [19--?]
650 _aAccounting
_xGlossaries, vocabularies, etc.
_9149878
650 _aContabilidad
_xGlosarios, vocabularios, etc.
_9149879
650 _aEconomía
_xGlosarios, vocabularios, etc.
_9149880
650 _aEconomy
_xGlossaries, vocabularies, etc.
_9149881
700 _aBuarque, Cristovam, tr.
_9149882
901 _aC 330 E34 [19--?]
902 _aM
905 _a523227[19--?] -usn 8126223322spa16
942 _cLIBRO
_2ddc
999 _c171594
_d171594